000
00277nam a22001097a 4500
008
170119b xxu||||| |||| 00| 0 eng d
020
_a
9780815126034
041
_a
eng
080
_a
618.2
245
_a
PRICIPLES AND PRACTICE OF PSYCHIATRIC NURSING
_c
STUART, G.W
942
_2
udc
_c
BK
999
_c
3185
_d
3185